| 000 | 00413pab a2200145 454500 | ||
|---|---|---|---|
| 008 | 180718b2017 xxu||||| |||| 00| 0 eng d | ||
| 100 | _aPalanithurai, G. | ||
| 245 | _aAn evaluation of the scheme meant for excluded rural habitations | ||
| 260 | _c2017 | ||
| 300 | _ap.66-72. | ||
| 362 | _aJan-Jun | ||
| 650 | _aRural development | ||
| 773 | _aSouth Asian Journal of Socio-Political Studies | ||
| 909 | _a114729 | ||
| 999 |
_c114723 _d114723 |
||